| 000 | 00792 a2200241 4500 | ||
|---|---|---|---|
| 003 | Nust | ||
| 005 | 20170207154050.0 | ||
| 010 | _a 2001046273 | ||
| 020 | _a0849311446 (pbk. : alk. paper) | ||
| 040 | _cNust | ||
| 082 | 0 | 0 | _a004.6/2 |
| 100 | 1 | _aHeld, Gilbert, | |
| 245 | 1 | 4 |
_aThe ABCs of IP addressing(E-BOOK) _cGilbert Held. |
| 246 | 3 | _aABCs of Internet Protocol addressing | |
| 260 |
_aBoca Raton, Fla. : _bAuerbach Publications, _cc2002. |
||
| 300 |
_axviii, 191 p. : _bill. ; _c26 cm. |
||
| 500 | _aIncludes index. | ||
| 650 | 0 | _aDirectory services (Computer network technology) | |
| 650 | 0 | _aInternet addresses. | |
| 650 | 0 | _aTCP/IP (Computer network protocol) | |
| 651 | _aE-BOOK | ||
| 856 | 4 | 2 |
_3Publisher description _uhttp://www.loc.gov/catdir/enhancements/fy0646/2001046273-d.html |
| 942 |
_2ddc _cBK |
||
| 999 |
_c193105 _d193105 |
||